| 000 | 01255naa a22003497a 4500 | ||
|---|---|---|---|
| 001 | BR9400388 | ||
| 003 | BR-BrBNA | ||
| 005 | 20240918180859.0 | ||
| 007 | ta | ||
| 008 | 230509b bl.||||| |||| 00| 0 por d | ||
| 040 |
_aBR-BrBNA _bpor _cBiblioteca Nacional de Agricultura |
||
| 041 | _a(Pt) | ||
| 072 |
_aK10; K50; E16 _b8915 |
||
| 090 | _aK10 BR9400388 | ||
| 100 | 1 | _aPaupitz, J. | |
| 100 | 1 | _aCampello, F.C.B. | |
| 100 | 1 | _aBurkart, R.N. | |
| 100 | 1 | _aSena, C.M. de | |
| 245 | 1 | _aAlternativas de producao florestal: integracao no sistema agropecuario do Serido - RN | |
| 260 | 3 |
_aNatal, RN (Brasil): _c1992. |
|
| 500 | _aPlano de manejo florestal para a regiao do Serido do Rio Grande do Norte. v. 2: Definicao de estrategias Natal, RN (Brasil): 1992. p. 77-130 (BR9400388-AM)K10 | ||
| 650 | _aExploracao Florestal | ||
| 650 | _aProducao Florestal | ||
| 650 | _aLenha | ||
| 650 | _aReflorestamento | ||
| 650 | _aCusto de Producao | ||
| 650 | _aSerido | ||
| 650 | _aRio Grande do Norte | ||
| 773 | 0 |
_tPlano de manejo florestal para a regiao do Serido do Rio Grande do Norte. v. 2: Definicao de estrategias _b _wK10 BR9400388 _gNatal, RN (Brasil), 1992. p. 77-130 |
|
| 909 |
_a202404 _bLucia _c55 _dLucia Elande |
||
| 942 |
_cAM _2AGRIS |
||
| 999 |
_c322469 _d322469 |
||